000 01193nam a2200241Ia 4500
999 _c51366
_d51366
001 18348
003 GE_BSU
005 20211115121339.0
008 181216s2015||||ge |||||||||||||| ||geo||
020 _a9789941940620
040 _cGE_BSU
041 _ageo
080 _a342.9(479.22)(094.4) ზ-53
100 _aზენაიშვილი, ამირან
_99061
245 _aსაქართველოს ორგანული კანონი :
_bადგილობრივი თვითმმართველობის კოდექსის კომენტარები /
_cამირან ზენაიშვილი.
250 _aმე-2 გადამუშავებული გამოცემა
264 _aთბილისი :
_bიურისტების სამყარო,
_c2015.
300 _a288 გვ.;
_b21 სმ.
541 _h15ლ.
653 _aადგილობრივი თვითმმართველობის კოდექსის კომენტარები
653 _aსაქართველოს ორგანული კანონი.
942 _cBK
_2udc